El Nombre de Morelia : (Record no. 41979)
[ view plain ]
| 000 -LEADER | |
|---|---|
| fixed length control field | 00820nam a22001817a 4500 |
| 005 - DATE AND TIME OF LATEST TRANSACTION | |
| control field | 20150124125128.0 |
| 008 - FIXED-LENGTH DATA ELEMENTS--GENERAL INFORMATION | |
| fixed length control field | 130924t mx||||| |||| 00| 0 spa d |
| 050 04 - LIBRARY OF CONGRESS CALL NUMBER | |
| Classification number | F1391 .M8 .58 |
| Item number | N66 [1978] |
| 245 03 - TITLE STATEMENT | |
| Title | El Nombre de Morelia : |
| Remainder of title | documentos / |
| Statement of responsibility, etc | H. Congreso del Estado de Michoacán. |
| 250 ## - EDITION STATEMENT | |
| Edition statement | 1a. ed. |
| 260 ## - PUBLICATION, DISTRIBUTION, ETC. (IMPRINT) | |
| Place of publication, distribution, etc | México : |
| Name of publisher, distributor, etc | H. Congreso del Estado de Michoacán, |
| Date of publication, distribution, etc | [1978] |
| 300 ## - PHYSICAL DESCRIPTION | |
| Extent | s. p. ; |
| Dimensions | 33 cm. |
| 500 ## - GENERAL NOTE | |
| General note | Nota : Edición facsimilar |
| 651 #7 - SUBJECT ADDED ENTRY--GEOGRAPHIC NAME | |
| Source of heading or term | LEMB |
| Geographic name | Morelia (Michoacán de Ocampo) |
| Geographic subdivision | México |
| General subdivision | Historia |
| Chronological subdivision | Siglo XIX |
| Form subdivision | Fuentes |
| 651 #7 - SUBJECT ADDED ENTRY--GEOGRAPHIC NAME | |
| Source of heading or term | LEMB |
| Geographic name | Morelia (Michoacán de Ocampo) |
| Geographic subdivision | México |
| General subdivision | Nombre (Descripción) |
| Chronological subdivision | 1828 |
| Form subdivision | Fuentes |
| 651 #7 - SUBJECT ADDED ENTRY--GEOGRAPHIC NAME | |
| Source of heading or term | LEMB |
| Geographic name | Morelia (Michoacán de Ocampo) |
| Geographic subdivision | México |
| General subdivision | Historia |
| -- | Primeros Gobiernos Independientes, Federalismo, República Liberal, 1821-1877 |
| Form subdivision | Fuentes |
| 942 ## - ADDED ENTRY ELEMENTS (KOHA) | |
| Source of classification or shelving scheme | Biblioteca del Cogreso de los Estados Unidos |
| Koha item type | Libro |
| Estado de pérdida | Fuente de clasificación | Estado del daño | No para préstamo | Ubicación permanente | Ubicación actual | Apartado o colección | Fecha de adquisición | Edición | Dependencia de educación superior (DES) | Área del conocimiento | Clasificación | Código de Barras | Date last seen | Número de copia | Costo por reposición | Tipo de recurso |
|---|---|---|---|---|---|---|---|---|---|---|---|---|---|---|---|---|
| Biblioteca del Cogreso de los Estados Unidos | Biblioteca del Instituto de Investigaciones Históricas | Biblioteca del Instituto de Investigaciones Históricas | Fondo Michoacán | 24/09/2013 | 1a ed. | Humanidades | Ciencias Sociales y Administrativas | F1391.M8.58 N66 [1978] | IIH000009819 | 24/09/2013 | C:1 | 1.00 | Libro | |||
| Biblioteca del Cogreso de los Estados Unidos | Biblioteca del Instituto de Investigaciones Históricas | Biblioteca del Instituto de Investigaciones Históricas | Fondo Michoacán | 24/09/2013 | 1a ed. | Humanidades | Ciencias Sociales y Administrativas | F1391.M8.58 N66 [1978] | IIH000009820 | 24/09/2013 | C:2 | 1.00 | Libro |